000 00668nam a2200289Ia 4500
005 20260324141242.0
008 008 260324s9999 xx 000 0 eng d
020 _a9781315169101
037 _aEBOOK
040 _aCRL
040 _beng
040 _cCRL
041 _2eng
041 _aeng
084 _qCRL
100 _aClare Ward; Stephanie Holland
_91207490
245 0 _aAssertiveness
245 2 _bA Practical Approach
260 _bTaylor and Francis
260 _c1997
365 _a
365 _b160
856 _uhttp://www.taylorfrancis.com/books/9781315169101
942 _cEBOOK
999 _c1810390
_d1810390